000 00322nam a22001457a 4500
008 230614b ||||| |||| 00| 0 eng d
020 _a9780321925831
041 _aeng
080 _23RD EDITION
_a311
082 _a311SHA
100 _a23
101 _aBSS
245 _aBUSINEESS STATISTICS
_cSHARPE
942 _2udc
_cBK
999 _c59965
_d59965